| 000 | 00751cam a22002291 4500 | ||
|---|---|---|---|
| 001 | pa 68000101 | ||
| 003 | DLC | ||
| 005 | 20260227111857.0 | ||
| 008 | 710901s1962 dcuab bs 000 0 eng c | ||
| 010 | _apa 68000101 | ||
| 040 |
_aPan American Union. Library _cDLC _dDLC |
||
| 043 | _as-ck--- | ||
| 100 | 1 |
_aArciniegas, Germán, _d1900-1999. |
|
| 245 | 0 | 0 | _aColombia. |
| 260 |
_a[Washington, _bUnión Panamericana, _c1962] |
||
| 300 |
_a91 p. _billus., maps. _c19 cm. |
||
| 500 | _aIssued by the Editorial Division, Dept. of Public Information. | ||
| 504 | _a"Bibliografia sumaria": p. 89-91. | ||
| 651 | 0 |
_aColombia _xDescription and travel. |
|
| 651 | 0 |
_aColombia _xStatistics. |
|
| 710 | 2 |
_aPan American Union. _bDepartment of Public Information. |
|
| 999 |
_c51628 _d51628 |
||